MARC
| LEADER | 00000nam a2200000Ia 4500 | ||
|---|---|---|---|
| 008 | 170316s9999 xx 000 0 und d | ||
| 040 | |a cru BVZT | ||
| 090 | |a 862 B-10.1c v.6 | ||
| 100 | |a Benítez, J. J. | ||
| 245 | |a Caballo de Troya 6: Hermón / J. J. Benítez | ||
| 260 | |a España | ||
| 260 | |b Planeta | ||
| 260 | |c 1999 | ||
| 300 | |a 493 páginas | ||
| 650 | |a LITERATURA ESPAÑOLA | ||
| 650 | |a CIENCIA FICCIÓN | ||
| 650 | |a OPERACIÓN CABALLO DE TROYA | ||
| 650 | |a JESÚS DE NAZARET | ||
| 650 | |a MÁQUINA DEL TIEMPO | ||
| 999 | |c 9507 |d 9507 | ||
| 942 | |c 15 D |h 862 B-10.1c v.6 |2 z | ||
